Using Autocad 2002
| Main Author: | |
|---|---|
| Format: | Book |
| Published: |
Australia :
Thomson Learning ,
2002
|
| Subjects: |
MARC
| LEADER | 00000cam a2200000 7i4500 | ||
|---|---|---|---|
| 001 | 0000010623 | ||
| 005 | 20050418.0 | ||
| 020 | |a 0766838501 | ||
| 040 | |a INS | ||
| 090 | 0 | 0 | |a T385.U845 |b G7287 2002 |
| 100 | 1 | |a Grabowski, Ralph | |
| 245 | 1 | 0 | |a Using Autocad 2002 |c Ralph Grabowski |
| 260 | |a Australia : |b Thomson Learning , |c 2002 | ||
| 300 | |a xxxvi,1073p ; |c 23cm. | ||
| 650 | 0 | 0 | |a Computer graphic |x Programmed instruction |
| 999 | |a 0000009692 |b BOOK |c Open Shelf |e Default branch | ||